000 00430nam a2200133 a 4500
008 120416s1977 ||||||||||||||||| || u
050 _aPR 6056.L38A7
100 _aFleetwood, Hugh
245 1 3 _aAn artist and a magician
260 _aLondon
_bDent
_c1977
300 _a189p.
350 _a0.00
995 _D0.00
_FCBU-MAIN LIBRARY (Kitwe)
_H1
_I2.95
_M1
_UAVAILABLE
_ZFiction Collection
999 _c34889
_d34889